Применения голографии: пер. с англ.

Chi tiết về thư mục
Tác giả khác: Гудмен Дж. (редактор), Бахрах Л. Д. (переводчик)
Ngôn ngữ:Tiếng Nga
Được phát hành: Москва, 1973
Loạt:Наука для техники. Современная радиоэлектроника
Những chủ đề:
Định dạng: Sách
KOHA link:https://koha.lib.tpu.ru/cgi-bin/koha/opac-detail.pl?biblionumber=243544

MARC

LEADER 00000nam0a2200000 4500
001 243544
005 20231101231959.0
035 |a (RuTPU)RU\TPU\book\264894 
090 |a 243544 
100 |a 20131001d1973 km y0rusy50 ca 
101 1 |a rus  |c eng 
102 |a RU 
105 |a a z 001zy 
200 1 |a Применения голографии  |e пер. с англ.  |f под ред. Дж. Гудмена ; пер. Л. Д. Бахрах 
210 |a Москва  |d 1973 
215 |a 79 с.  |c ил. 
225 1 |a Наука для техники. Современная радиоэлектроника 
320 |a Предисловие : с. 5 
606 1 |a Голография  |2 stltpush  |3 (RuTPU)RU\TPU\subj\7402  |9 35072 
610 1 |a научно-популярная литература 
610 1 |a оптика 
610 1 |a техника 
675 |a 778.38  |v 3 
702 1 |a Гудмен  |b Дж.  |4 340 
702 1 |a Бахрах  |b Л. Д.  |4 730 
801 1 |a RU  |b 63413507  |c 20131001 
801 2 |a RU  |b 63413507  |c 20220112  |g RCR 
942 |c BK